| 000 | 00441nam a2200205Ia 4500 | ||
|---|---|---|---|
| 001 | 13577 | ||
| 003 | GE_BSU | ||
| 008 | 181216s||||||||xx |||||||||||||| ||und|| | ||
| 020 | _a0099453274 | ||
| 040 | _cGE_BSU | ||
| 080 | _a821.111-32 | ||
| 100 | _aLewis,Susan. | ||
| 245 | 4 | _aThe hornbeam tree. | |
| 260 | _aLondon. | ||
| 260 | _bArrow Books. | ||
| 260 | _c2004 | ||
| 300 | _a631p;18cm. | ||
| 653 | _aThe hornbeam tree. | ||
| 942 | _cBK | ||
| 999 |
_c46733 _d46733 |
||